000 00664nam a22002057a 4500
999 _c10539
_d10539
003 AR-CdUCM
008 190401b ||||| |||| 00| 0 spa d
040 _aMUNICIPALIDAD PROVINCIAL DEL CUSCO
_cBIBLIOTECA MUNICIPAL DEL CUSCO
082 _a686 /
_bM98 / 1948
100 _aMusarra, Aldo
_927469
245 _aPara aprender encuadernación /
260 _aBuenos Aires :
_bHobby,
_c1948.
300 _a173 páginas ;
_bilustraciones,
_c26 cm.
505 _aContenido: Descriptiva -- Ejecutiva -- Decorativa -- Aplicativa.
650 _aEncuadernación
_927470
650 _aEstudio
_94228
650 _aEnseñanza
_91616
942 _2ddc
_cLIBROS
945 _aachl